000 00645nam a2200205 a 4500
001 000032005
005 20240412074255.0
008 110707s1976 dr 000 p spa d
040 _aDO-SdBNP
_bspa
_cBNPHU
082 _aRD861.44
_bM971m
100 1 _aMuñoz Marte, Emilio Antonio,
_d1927-
_925658
245 1 0 _aMarié /
_cEmilio Antonio Muñoz Marte.
260 _aSanto Domingo :
_bTaller,
_c1976.
300 _a58 p. ;
_c13 cm.
500 _aIncluye datos biográficos del autor
590 _aInventariado, 2018/LP
650 0 _aPoesía dominicana
_966
650 0 _aLiteratura dominicana.
_967
910 _aValidado. Control de calidad MFF
999 _c31496
_d31496